000 01759cam a2200505 i 4500
001 24591
003 KOSZ 005
005 20210809110659.0
008 970510s1995 pl a f f |001 0 pol
015 _aPB 1995/12432
020 _a8321337686
020 _a3531586516
040 _aWA N
_cWA N
_dKOSZ 005/HR
041 1 _apol
_hger
046 _k1992
080 _a72.01/.02
080 _a69
080 _a(02.025.2)
080 _a(075.8)
100 1 _aNeufert, Ernst
_d(1900-1986)
_eAutor
245 1 0 _aPodręcznik projektowania architektoniczno-budowlanego /
_cErnst Neufert ; kontynuacja Peter Neufert i Zespół ... ; tł. z niem. Stanisław Gawroński [et al.].
246 1 _iTyt. oryg.:
_aBauentwurfslehre,
_f1992.
250 _a2 wyd. pol. rozszerz. i gruntownie zm.
260 _aWarszawa :
_b"Arkady",
_c1995.
300 _a592 s. :
_brys., wykr. ;
_c30 cm.
336 _2rdacontent
_aTekst
_btxt
337 _2rdamedia
_aBez urządzenia pośredniczącego
_bn
338 _2rdacarrier
_aWolumin
_bnc
380 _aKsiążki
380 _aPublikacje fachowe
380 _aPublikacje dydaktyczne
385 _mPoziom nauczania
_aSzkoły wyższe
388 _a1901-2000
388 _a1989-2000
504 _aBibliogr. s. 559-566. - Indeks.
650 4 _aBudownictwo
650 4 _aProjektowanie architektoniczne
655 4 _aPodręczniki akademickie
658 _aArchitektura i budownictwo
700 1 _aGawroński, Stanisław
_d(ca 1930-2014)
_eTłumaczenie
700 1 _aNeufert, Peter
_eAutor
710 2 _aWydawnictwo Arkady
_4pbl.
856 _uhttp://koha.tu.koszalin.pl/cgi-bin/koha/opac-detail.pl?biblionumber=24591
_yKatalog online BPK
942 _2UKD
_cKS
999 _c24591
_d24591